000 00620nam a2200241Ia 4500
001 24681
005 20240114000816.0
007 ta
008 060413s1970 a g b000 u 465 u
040 _aCotton College,Assam
041 _a465
082 _a823
_bM 211 Or
100 _aMcKenney, Kenneth .
245 0 _aThe Orderly /
_cKenneth McKenney.
_hTextual Documents
250 _a1st ed. /
260 _aLondon :
_bAndre Deutsch Ltd. ,
_c1970.
300 _a253p. :
_bill ;
_c22cm .
653 _aEnglish Novel
653 _aG-English
942 _2ddc
_cBK
999 _c24663
_d24663